[Event "London Classic op U2050-A 11th"]
[Site "London"]
[Date "2019.11.30"]
[Round "2"]
[White "Vaidya, Raghav"]
[Black "Healeas, Simon"]
[Result "0-1"]
[WhiteElo "1541"]
[BlackElo "1793"]
[PlyCount "100"]
[EventDate "2019.11.29"]
[EventType "swiss"]
[EventRounds "5"]
[EventCountry "ENG"]
[SourceTitle "CBM 195 Extra"]
[Source "ChessBase"]
[SourceDate "2020.05.31"]
[SourceVersion "1"]
[SourceVersionDate "2020.05.31"]
[SourceQuality "1"]

1. c4 e6 2. Nc3 Nf6 3. d4 d5 4. cxd5 exd5 5. Nf3 Be7 6. g3 0-0 7. Bg2 c6 8. 0-0 Bf5 9. Bf4 Na6 10. a3 Nc7 11. Bxc7 Qxc7 12. Rc1 a5 13. Re1 Qd6 14. Ne5 Nd7 15. Nxd7 Qxd7 16. Na4 Qd8 17. Nc5 Rb8 18. e3 Bg6 19. Bh3 Bxc5 20. dxc5 Re8 21. Bg2 h5 22. Qd4 Be4 23. f3 Bg6 24. Rcd1 Qg5 25. Kf2 Rbd8 26. h4 Qf5 27. f4 Qc2+ 28. Re2 Qb3 29. Rdd2 Be4 30. Qc3 Qxc3 31. bxc3 Bxg2 32. Kxg2 Re4 33. Rd4 Rde8 34. Kf3 f5 35. Kf2 Kf7 36. Kf3 R8e7 37. Rxe4 dxe4+ 38. Kf2 Rd7 39. Rb2 Ke6 40. Ke2 g6 41. Rd2 Rxd2+ 42. Kxd2 Kd5 43. Kc2 a4 44. Kc1 Kxc5 45. Kd1 Kc4 46. Kc2 c5 47. Kd2 Kb3 48. c4 Kxc4 49. Kc2 b5 50. Kd2 Kb3 0-1

[Event "London Classic CSC op U2000 7th"]
[Site "London"]
[Date "2015.12.06"]
[Round "5"]
[White "Ridge, Michael"]
[Black "Healeas, Simon"]
[Result "1/2-1/2"]
[WhiteElo "1926"]
[BlackElo "1784"]
[PlyCount "101"]
[EventDate "2015.12.04"]
[EventType "swiss"]
[EventRounds "5"]
[EventCountry "ENG"]
[SourceTitle "CBM 169 Extra"]
[Source "ChessBase"]
[SourceDate "2015.12.18"]
[SourceVersion "1"]
[SourceVersionDate "2015.12.18"]
[SourceQuality "1"]

1. g3 Nf6 2. Bg2 d5 3. Nf3 g6 4. c4 Bg7 5. cxd5 0-0 6. 0-0 Nxd5 7. Nc3 c6 8. e4 Nb6 9. d3 Bg4 10. a4 a5 11. Be3 N8d7 12. h3 Bxf3 13. Bxf3 e6 14. Bg2 Qe7 15. Qb3 Qb4 16. Qc2 h6 17. Ra3 Qd6 18. Rb3 Ra6 19. f4 Nc5 20. Nb5 cxb5 21. Qxc5 Qxc5 22. Bxc5 Nxa4 23. Bxf8 Bd4+ 24. Kh2 Kxf8 25. Rxb5 b6 26. f5 Kg7 27. fxe6 fxe6 28. h4 Ra7 29. Rc1 Nxb2 30. Rc2 Nd1 31. e5 Ne3 32. Rc6 Nxg2 33. Kxg2 Kf7 34. Rc4 Rd7 35. Kf3 g5 36. hxg5 hxg5 37. Ke4 Bf2 38. d4 Bxg3 39. Rxb6 Bf2 40. Ra6 g4 41. Rxa5 g3 42. Ra2 Kg6 43. Kf3 Kf5 44. Ra8 Rxd4 45. Rxd4 Bxd4 46. Kxg3 Kxe5 47. Kf3 Kd5 48. Rd8+ Kc5 49. Ke4 e5 50. Rc8+ Kd6 51. Re8 1/2-1/2

[Event "London Classic CSC op U2000 7th"]
[Site "London"]
[Date "2015.12.05"]
[Round "3"]
[White "Burrows, Nick"]
[Black "Healeas, Simon"]
[Result "1/2-1/2"]
[WhiteElo "1868"]
[BlackElo "1784"]
[PlyCount "64"]
[EventDate "2015.12.04"]
[EventType "swiss"]
[EventRounds "5"]
[EventCountry "ENG"]
[SourceTitle "CBM 169 Extra"]
[Source "ChessBase"]
[SourceDate "2015.12.18"]
[SourceVersion "1"]
[SourceVersionDate "2015.12.18"]
[SourceQuality "1"]

1. e4 e5 2. f4 exf4 3. Nf3 d6 4. d4 g5 5. g3 g4 6. Nh4 f3 7. Nc3 Nc6 8. Bb5 a6 9. Bxc6+ bxc6 10. Be3 Rb8 11. b3 Bg7 12. Qd2 Ne7 13. 0-0-0 Bf6 14. Rhe1 0-0 15. Bh6 Bg7 16. h3 gxh3 17. Nxf3 Ng6 18. Ne2 Bg4 19. Rf1 Rb5 20. Bxg7 Kxg7 21. Qc3 Kg8 22. Qxc6 Bc8 23. Nc3 Bb7 24. Qc4 Rh5 25. Nd5 Bxd5 26. exd5 Qd7 27. Nh2 Rf5 28. g4 Rxf1 29. Qxf1 Qe7 30. Qxa6 Qg5+ 31. Kb1 Qxd5 32. Qe2 Qxd4 1/2-1/2

[Event "London Classic op-B U2000 5th"]
[Site "London"]
[Date "2013.12.15"]
[Round "5"]
[White "Ashworth, Michael"]
[Black "Healeas, Simon"]
[Result "1/2-1/2"]
[WhiteElo "1904"]
[BlackElo "1808"]
[PlyCount "62"]
[EventDate "2013.12.13"]
[EventType "swiss"]
[EventRounds "5"]
[EventCountry "ENG"]
[SourceTitle "EXT 2016"]
[Source "ChessBase"]
[SourceDate "2015.10.08"]
[SourceVersion "1"]
[SourceVersionDate "2015.10.08"]
[SourceQuality "1"]

1. d4 Nf6 2. c4 g6 3. Nc3 Bg7 4. e4 d6 5. f3 0-0 6. Be3 c5 7. dxc5 dxc5 8. Qxd8 Rxd8 9. Bxc5 Nc6 10. Be2 Nd7 11. Be3 Nde5 12. Rd1 Be6 13. Nd5 Bxd5 14. cxd5 Nb4 15. Bc5 a5 16. a3 Nc2+ 17. Kf2 Rdc8 18. Bxe7 Nc4 19. Bxc4 Rxc4 20. Ne2 Bxb2 21. d6 Bxa3 22. Bf6 Bc5+ 23. Kg3 Bb6 24. Rb1 Rb4 25. Rxb4 Nxb4 26. Rc1 Nc6 27. d7 Bd8 28. Bb2 Kf8 29. Nd4 Ke7 30. Nxc6+ bxc6 31. Rxc6 Kxd7 1/2-1/2

[Event "Uxbridge e2e4 Major op"]
[Site "Uxbridge"]
[Date "2011.03.19"]
[Round "2"]
[White "Healeas, Simon"]
[Black "Walshaw, David"]
[Result "0-1"]
[WhiteElo "1810"]
[BlackElo "1658"]
[PlyCount "60"]
[EventDate "2011.03.18"]
[EventType "swiss"]
[EventRounds "5"]
[EventCountry "ENG"]
[SourceTitle "EXT 2023"]
[Source "ChessBase"]
[SourceDate "2022.10.05"]
[SourceVersion "1"]
[SourceVersionDate "2022.10.05"]
[SourceQuality "1"]

1. d4 Nf6 2. Nf3 g6 3. Nc3 d5 4. Bf4 Bg7 5. e3 0-0 6. Be2 c5 7. Ne5 cxd4 8. exd4 Nc6 9. 0-0 Qb6 10. Nxc6 bxc6 11. Na4 Qd8 12. c3 Nd7 13. Qd2 Qa5 14. b3 e5 15. dxe5 Nxe5 16. Bh6 Re8 17. Bxg7 Kxg7 18. Rae1 Bf5 19. Qd4 Kg8 20. h3 Rad8 21. g4 Bd3 22. Kg2 Qb5 23. Bxd3 Nxd3 24. Rxe8+ Rxe8 25. c4 dxc4 26. Qxc4 Qxc4 27. bxc4 Re2 28. Rd1 Nxf2 29. Kf3 Rxa2 30. Nc5 Nxd1 0-1

[Event "Uxbridge e2e4 Autumn Challengers-D"]
[Site "Uxbridge"]
[Date "2010.08.14"]
[Round "7"]
[White "Zulkipli, Zaidan"]
[Black "Healeas, Simon"]
[Result "1/2-1/2"]
[WhiteElo "2039"]
[BlackElo "1840"]
[PlyCount "159"]
[EventDate "2010.08.11"]
[EventType "tourn"]
[EventRounds "9"]
[EventCountry "ENG"]
[SourceTitle "CBM 137 Extra"]
[Source "ChessBase"]
[SourceDate "2010.09.01"]
[SourceVersion "1"]
[SourceVersionDate "2010.09.01"]
[SourceQuality "1"]

1. d4 Nf6 2. c4 g6 3. Nc3 Bg7 4. e4 d6 5. Be2 0-0 6. Nf3 e5 7. 0-0 exd4 8. Nxd4 Nc6 9. Be3 Re8 10. f3 Nh5 11. f4 Nf6 12. Bf3 Bd7 13. Re1 a6 14. Bf2 h5 15. Nxc6 Bxc6 16. Bh4 Qc8 17. Qd3 Nh7 18. Re2 Rb8 19. a4 Bd7 20. Nd5 Kf8 21. Bf2 Nf6 22. Bd4 Nxd5 23. Bxg7+ Kxg7 24. cxd5 b5 25. a5 Kg8 26. Rc1 Qd8 27. Qd4 Rb7 28. Rec2 Qh4 29. g3 Qd8 30. b4 Bh3 31. Rc6 h4 32. Rxa6 hxg3 33. hxg3 g5 34. Kh2 Bd7 35. Kg2 gxf4 36. Rh1 f6 37. Ra8 Qe7 38. Rxe8+ Bxe8 39. gxf4 c5 40. dxc6 Bxc6 41. Kf2 Qe6 42. Rg1+ Rg7 43. Rxg7+ Kxg7 44. f5 Qa2+ 45. Kg3 Qb1 46. Qa7+ Kh6 47. Kg4 Qc1 48. Qf2 Qc4 49. Qd2+ Kg7 50. Qxd6 Qc1 51. Qc7+ Kf8 52. Qd6+ Kg7 53. Qe7+ Kg8 54. Qxf6 Qg1+ 55. Kh5 Be8+ 56. Kh4 Qf2+ 57. Kg4 Qg1+ 58. Kf4 Qc1+ 59. Kg3 Qg1+ 60. Kf4 Qc1+ 61. Kg3 Qg1+ 62. Bg2 Qe3+ 63. Kh2 Qf4+ 64. Kg1 Qe3+ 65. Kf1 Qc1+ 66. Kf2 Qf4+ 67. Kg1 Qe3+ 68. Kh1 Qc1+ 69. Kh2 Qf4+ 70. Kg1 Qc1+ 71. Kf2 Qf4+ 72. Kg1 Qc1+ 73. Bf1 Qe3+ 74. Kh1 Bc6 75. Bg2 Qc1+ 76. Kh2 Qf4+ 77. Kg1 Qe3+ 78. Kh1 Qc1+ 79. Kh2 Qf4+ 80. Kh1 1/2-1/2

[Event "Uxbridge e2e4 Autumn Challengers-D"]
[Site "Uxbridge"]
[Date "2010.08.13"]
[Round "4"]
[White "Healeas, Simon"]
[Black "Bennett, Dominic"]
[Result "0-1"]
[WhiteElo "1840"]
[BlackElo "1973"]
[PlyCount "58"]
[EventDate "2010.08.11"]
[EventType "tourn"]
[EventRounds "9"]
[EventCountry "ENG"]
[SourceTitle "CBM 137 Extra"]
[Source "ChessBase"]
[SourceDate "2010.09.01"]
[SourceVersion "1"]
[SourceVersionDate "2010.09.01"]
[SourceQuality "1"]

1. d4 Nf6 2. Nf3 g6 3. Nc3 d5 4. Bf4 c6 5. e3 Qb6 6. a3 Bg7 7. Be2 Nbd7 8. 0-0 0-0 9. Ne5 a5 10. b3 Ne8 11. h4 f6 12. Nxd7 Bxd7 13. Na4 Qd8 14. Rb1 Nd6 15. Nc5 Bf5 16. Bd3 e5 17. Bxf5 gxf5 18. dxe5 fxe5 19. Bg5 Qe8 20. e4 b6 21. Na4 Nxe4 22. Qe1 f4 23. Nc3 Nd6 24. h5 Nf5 25. g4 fxg3 26. fxg3 Qxh5 27. Bd2 Nd4 28. Kg2 Nf3 29. Qe2 Qh2# 0-1

[Event "London Classic op"]
[Site "London"]
[Date "2009.12.10"]
[Round "3"]
[White "Healeas, Simon"]
[Black "Player, Edmund C"]
[Result "0-1"]
[WhiteElo "1801"]
[BlackElo "2149"]
[PlyCount "126"]
[EventDate "2009.12.08"]
[EventType "swiss"]
[EventRounds "9"]
[EventCountry "ENG"]
[SourceTitle "CBM 133 Extra"]
[Source "ChessBase"]
[SourceDate "2010.01.05"]
[SourceVersion "1"]
[SourceVersionDate "2010.01.05"]
[SourceQuality "1"]

1. d4 d5 2. Bf4 Nf6 3. e3 c5 4. c3 Qb6 5. Qc1 Bf5 6. Nf3 Nc6 7. Nbd2 e6 8. h3 Rc8 9. a3 Be7 10. Be2 0-0 11. 0-0 a6 12. Rd1 Qa7 13. Nf1 Ne4 14. Ne5 Na5 15. Ra2 f6 16. Nf3 Nxf2 17. Ng3 Nxd1 18. Nxf5 exf5 19. Qxd1 c4 20. Ra1 Qb6 21. Qc2 g5 22. Bh2 Qe6 23. Re1 Qe4 24. Qa4 Nc6 25. Bd1 Qe6 26. Qc2 Nd8 27. Qf2 Nf7 28. Bc2 Bd6 29. Rf1 Rce8 30. Re1 Bxh2+ 31. Kxh2 Nd6 32. h4 Ne4 33. Qe2 g4 34. Bxe4 Qxe4 35. Nd2 Qc2 36. Rf1 Qd3 37. Qf2 Qxe3 38. Qxe3 Rxe3 39. Rxf5 Rd8 40. Nf1 Re2 41. Ng3 Rxb2 42. Nh5 Rb3 43. Nxf6+ Kg7 44. Nxd5 Rb5 45. Rg5+ Kh8 46. Ne3 Rxg5 47. hxg5 b5 48. Kg3 a5 49. Kxg4 b4 50. axb4 axb4 51. cxb4 Rxd4+ 52. Kf3 c3 53. Ke2 Rd7 54. Ke1 Kg7 55. b5 Rb7 56. Kd1 Kg6 57. Kc1 Rxb5 58. Kc2 Rc5 59. Nd1 Kxg5 60. Nxc3 Kg4 61. Kd3 Rxc3+ 62. Kxc3 Kg3 63. Kd4 h5 0-1